Statistiques concernant Devises monétaires par pays

Cliquez ici pour prendre le quiz!

Statistiques générales

  • Ce quiz a été pris 569 fois
  • Le résultat moyen est 118 sur 197

Statistiques - réponses

HintRéponse% Correct
Allemagne | Andorre | Autriche | +20 otherseuro
98%
Kosovo | Monténégroeuro (de facto)
98%
Micronésie | Palaos | Salvador | +4 othersdollar américain
97%
Australie | Kiribati | Nauru | Tuvaludollar australien
97%
Barbadedollar barbadien
97%
Canadadollar canadien
97%
Belizedollar de Belize
97%
Bruneidollar de Brunei
97%
Bahamasdollar des Bahamas
97%
Antigua-et-Barbuda | Dominique | Grenade | +3 othersdollar des Caraïbes orientales
97%
Fidjidollar des Fidji
97%
Îles Salomondollar des îles Salomon
97%
Singapourdollar de Singapour
97%
Surinamedollar du Suriname
97%
Zimbabwedollar du Zimbabwe
97%
Guyanadollar guyanien
97%
Jamaïquedollar jamaïcain
97%
Liberiadollar libérien
97%
Namibiedollar namibien
97%
Nouvelle-Zélandedollar néo-zélandais
97%
Trinité-et-Tobagodollar trinidadien
97%
Taïwannouveau dollar de Taïwan
97%
Japonyen
89%
Argentinepeso argentin
83%
Chilipeso chilien
83%
Colombiepeso colombien
83%
Cubapeso cubain
83%
République dominicainepeso dominicain
83%
Mexiquepeso mexicain
83%
Philippinespeso philippin
83%
Uruguaypeso uruguayen
83%
Égyptelivre égyptienne
82%
Libanlivre libanaise
82%
Soudanlivre soudanaise
82%
Royaume-Unilivre sterling
82%
Soudan du Sudlivre sud-soudanaise
82%
Syrielivre syrienne
82%
Turquielivre turque
82%
Burundifranc burundais
79%
Cameroun | Gabon | Guinée équatoriale | +3 othersfranc CFA (CEMAC)
79%
Burkina Faso | Bénin | Côte d'Ivoire | +5 othersfranc CFA (UEMOA)
79%
Comoresfranc comorien
79%
République du Congofranc congolais
79%
Djiboutifranc de Djibouti
79%
Guinéefranc guinéen
79%
Rwandafranc rwandais
79%
Liechtenstein | Suissefranc suisse
79%
Biélorussierouble biélorusse
71%
Russierouble russe
71%
Algériedinar algérien
69%
Bahreïndinar de Bahreïn
69%
Irakdinar irakien
69%
Jordaniedinar jordanien
69%
Koweïtdinar koweïtien
69%
Libyedinar libyen
69%
Serbiedinar serbe
69%
Tunisiedinar tunisien
69%
Émirats Arabes Unisdirham des Émirats arabes unis
67%
Marocdirham marocain
67%
Inderoupie indienne
61%
Mauriceroupie mauricienne
61%
Népalroupie népalaise
61%
Pakistanroupie pakistanaise
61%
Seychellesroupie seychelloise
61%
Sri Lankaroupie srilankaise
61%
Danemarkcouronne danoise
60%
Islandecouronne islandaise
60%
Norvègecouronne norvégienne
60%
Suèdecouronne suédoise
60%
République Tchèquecouronne tchèque
60%
Chineyuan renminbi
60%
Indonésierupiah (ou roupie indonésienne)
54%
Corée du Nordwon nord-coréen
49%
Corée du Sudwon sud-coréen
49%
Brésilréal brésilien
42%
Iranrial iranien
37%
Omanrial omanais
37%
Cambodgeriel
37%
Qatarriyal qatari
37%
Arabie Saouditeriyal saoudien
37%
Yémenriyal yéménite
37%
Polognezłoty polonais
33%
Afrique du Sudrand
29%
Hongrieforint hongrois
25%
Moldavieleu moldave
25%
Roumanieleu roumain
25%
Israëlshekel
25%
Kenyashilling kényan
24%
Ougandashilling ougandais
24%
Somalieshilling somalien
24%
Tanzanieshilling tanzanien
24%
Thaïlandebaht
23%
Venezuelabolívar vénézuélien
23%
Cap-Vertescudo du Cap-Vert
22%
Croatiekuna croate
22%
Bulgarielev bulgare
22%
Bosnie-Herzégovinemark convertible
22%
Viêt Namdong
21%
Albanielek albanais
21%
Afghanistanafghani
19%
Éthiopiebirr
17%
Pérounuevo sol péruvien
17%
Salvadorbitcoin
16%
Haïtigourde haïtienne
16%
Kirghizistansom
16%
Macédoine du Norddenar
15%
Géorgielari
15%
Sierra Leoneleone
15%
Botswanapula
15%
Madagascarariary
14%
Costa Ricacolon du Costa Rica
14%
Ukrainehryvnia
14%
Angolakwanza
14%
Azerbaïdjanmanat azerbaïdjanais
14%
Turkménistanmanat turkmène
14%
Guatemalaquetzal
14%
Ghanacedi
13%
Gambiedalasi
13%
Arméniedram
13%
Paraguayguaraní paraguayen
13%
Malawikwacha
13%
Zambiekwacha de Zambie
13%
Lesotholoti
13%
Nigerianaira
13%
Malaisieringgit
13%
Bolivieboliviano bolivien
12%
Sao Tomé-et-Principedobra
12%
Laoskip
12%
Érythréenakfa
12%
Ouzbékistansum
12%
Mozambiquemetical
11%
Bhoutanngultrum
11%
Mauritanieouguiya
11%
Bangladeshtaka
11%
Mongolietugrik
11%
Vanuatuvatu
11%
Nicaraguacórdoba oro
10%
Eswatinililangeni
10%
Tadjikistansomoni
10%
Panamabalboa
9%
Papouasie-Nouvelle-Guinéekina
9%
Birmaniekyat
9%
Honduraslempira
9%
Maldivesrufiyaa
9%
Kazakhstantenge
9%
Samoatala
8%
Tongapa'anga
7%

Distribution des résultats

Percentile par nombre de réponses

% des personnes avec chaque résultat

Votre développement - résultats

Vous n’avez pas pris ce quiz